Computational surface and roundness metrology / (Record no. 11281)
[ view plain ]
| 000 -LEADER | |
|---|---|
| fixed length control field | 00901nam a22002655a 4500 |
| 001 - CONTROL NUMBER | |
| control field | 15317179 |
| 005 - DATE AND TIME OF LATEST TRANSACTION | |
| control field | 20080605081522.0 |
| 008 - FIXED-LENGTH DATA ELEMENTS--GENERAL INFORMATION | |
| fixed length control field | 080605s2008 nyu 000 0 eng |
| 010 ## - LIBRARY OF CONGRESS CONTROL NUMBER | |
| LC control number | 2008930489 |
| 020 ## - INTERNATIONAL STANDARD BOOK NUMBER | |
| International Standard Book Number | 9781848002968 (hardcover : alk. paper) |
| 040 ## - CATALOGING SOURCE | |
| Original cataloging agency | DLC |
| Transcribing agency | DLC |
| 082 ## - DEWEY DECIMAL CLASSIFICATION NUMBER | |
| Edition number | 22 |
| Classification number | 620.44 |
| Item number | MUR |
| 100 1# - MAIN ENTRY--PERSONAL NAME | |
| Personal name | Muralikrishnan, Bala. |
| 9 (RLIN) | 3596 |
| 245 10 - TITLE STATEMENT | |
| Title | Computational surface and roundness metrology / |
| Statement of responsibility, etc | Bala Muralikrishnan, Jay Raja. |
| 250 ## - EDITION STATEMENT | |
| Edition statement | 1st ed. |
| 260 ## - PUBLICATION, DISTRIBUTION, ETC. (IMPRINT) | |
| Place of publication, distribution, etc | New York : |
| Name of publisher, distributor, etc | Springer, |
| Date of publication, distribution, etc | 2008. |
| 263 ## - PROJECTED PUBLICATION DATE | |
| Projected publication date | 0808 |
| 300 ## - PHYSICAL DESCRIPTION | |
| Extent | 263p: |
| Other physical details | ill; |
| Dimensions | 22cm. |
| 500 ## - GENERAL NOTE | |
| General note | Includes Index. |
| 650 ## - SUBJECT ADDED ENTRY--TOPICAL TERM | |
| 9 (RLIN) | 3594 |
| Topical term or geographic name as entry element | Surfaces technology-Measurement. |
| 650 ## - SUBJECT ADDED ENTRY--TOPICAL TERM | |
| 9 (RLIN) | 3595 |
| Topical term or geographic name as entry element | Roundness measurement |
| 942 ## - ADDED ENTRY ELEMENTS (KOHA) | |
| Source of classification or shelving scheme | Dewey Decimal Classification |
| Item type | Book - Borrowing |
| Withdrawn status | Item status | Source of classification or shelving scheme | Damaged status | Not for loan | Vendor | Home library | Current library | Shelving location | Date acquired | Source of acquisition | Cost, normal purchase price | Serial Enumeration / chronology | Total Checkouts | Full call number | Barcode | Date last seen | Koha item type |
|---|---|---|---|---|---|---|---|---|---|---|---|---|---|---|---|---|---|
| Dewey Decimal Classification | Baccah | Central Library | Central Library | First floor | 13/04/2009 | 720.00 | 7117 | 620.44 MUR | 000015934 | 15/07/2025 | Book - Borrowing |